| 000 | 00634nam a2200193 i 4500 | ||
|---|---|---|---|
| 001 | 98864 | ||
| 003 | ES-MaACL | ||
| 005 | 20230906182409.0 | ||
| 007 | t| | ||
| 008 | 940301s1882 sp ||||1| spa d | ||
| 040 |
_aAS _bspa |
||
| 100 | 1 |
_aEchegaray, José, _d1832-1916 _946526 |
|
| 245 | 1 | 4 |
_aLos dos curiosos impertinentes _b: drama en un prólogo y dos actos : tercera parte de una trilogía / _cpor José Echegaray. |
| 250 | _a2ª ed. | ||
| 260 |
_aMadrid : _b[s.n.], _c1882 ( _fImpr. de José Rodríguez) |
||
| 300 |
_a102 p. ; _c18 cm. |
||
| 852 |
_aES-MaACL _jB-3096(2) _z.- Enc. en un vol. facticio |
||
| 999 |
_c98864 _d98864 |
||